|
|
|
|
| LEADER |
00000nam a2200000 a 4500 |
| 001 |
vtls008300146 |
| 003 |
SK-MaSNL |
| 005 |
20260301220048.0 |
| 008 |
240315s2005 xo oa g 000 0 slo |
| 015 |
|
|
|a SNBA2005/12-05027
|
| 020 |
|
|
|a 8096834053
|q (brož.)
|
| 035 |
|
|
|a urn:nbn:sk:snk-am00a1ds
|
| 035 |
|
|
|a urn:nbn:sk:snk-am3hd23
|
| 035 |
|
|
|a 0D2200CD-D886-453E-B0A0-E7B4B5ABB9DA
|
| 040 |
|
|
|a SNK
|b slo
|c SNK
|e AACR2
|
| 041 |
1 |
|
|a slo
|h und
|
| 044 |
|
|
|a xo
|c SK
|
| 072 |
|
7 |
|a 793.3
|x Pohybové umenie. Tanec
|2 konspekt
|
| 080 |
|
|
|a 793.3(5)(091)
|2 MDT-MRF
|
| 080 |
|
|
|a (048.8)
|2 MDT-MRF
|
| 080 |
|
|
|a (035)
|2 MDT-MRF
|
| 080 |
|
|
|a 793.3
|2 MDT-MRF
|
| 100 |
1 |
|
|a Balla, Tünde
|4 aut
|9 606705
|
| 245 |
1 |
0 |
|a Brušný tanec
|b harmónia, životná sila, formovanie tela, erotika
|c [autor: Balla Tünde; foto: Nándorfi Máté; preklad: Mária Brnáková, Róbert Brnák]
|
| 250 |
|
|
|a [1. vyd.]
|
| 260 |
|
|
|a Levice
|b Levické tlačiarne LVT
|c [2005]
|
| 300 |
|
|
|a 95 s.
|b fotogr., ilustr.
|c 21 cm
|
| 501 |
|
|
|a Vyd. v spolupráci s Damark-Mária Brnáková
|
| 650 |
0 |
7 |
|a brušný tanec
|2 SNKPH
|9 79698
|
| 650 |
0 |
7 |
|a orientálne tance
|2 SNKPH
|9 88014
|
| 655 |
|
7 |
|a monografie
|2 SNKPH
|9 70139
|
| 655 |
|
7 |
|a príručky
|2 SNKPH
|9 74364
|
| 700 |
1 |
|
|a Nándori, Máté
|4 pht
|9 606706
|
| 700 |
1 |
|
|a Brnáková, Mária
|4 trl
|9 606707
|
| 700 |
1 |
|
|a Brnák, Róbert
|4 trl
|9 300026
|
| 919 |
|
|
|a 80-968340-5-3
|
| 958 |
|
|
|a OND
|
| 968 |
|
|
|b LANGUES DIVERSES
|d 793/799
|
| 999 |
|
|
|c 930477
|d 932407
|
| 952 |
|
|
|a SNK
|b SNK
|y VYP
|7 0
|p 17A0575894
|o snkSC 121337 D1
|i snk2006/6375
|8 0
|0 0
|1 0
|4 0
|d 2006-03-27
|l 0
|r 2026-02-24 08:46:37
|w 2026-02-24
|
| 952 |
|
|
|a SNK
|b SNK
|y PREZ
|7 0
|p 17A0485053
|o snkSC 121337
|i snk2005/16188
|8 0
|0 0
|1 0
|4 0
|d 2005-09-29
|f 1
|l 0
|r 2025-06-02 00:00:00
|w 2026-02-24
|